000 00442nam a2200169Ia 4500
005 20250423095203.0
008 250422s9999 xx 000 0 und d
020 _a978-1-59784-213-6
050 _aBP 189.3 .G8413/
100 _aGulen, M. Fethullah
245 0 _aEmerald hills of the heart : key concepts in the practice of sufism
260 _aNew Jersey
260 _bTughra Books
260 _c2000
650 _aIslam
942 _cBK
999 _c29509
_d29509